Alfabetización mediática e informacional en la educación superior en Costa Rica: El caso de la Universidad de Costa Rica. fase II /

El estudio está orientado a determinar el nivel de dominio de las competencias de la alfabetización mediática e informacional en estudiantes y docentes de la Universidad de Costa Rica. En términos metodológicos, el estudio adopta un enfoque cualitativo fenomenológico para comprender las experiencias...

Disgrifiad llawn

Manylion Llyfryddiaeth
Prif Awdur: Pierre Murray, Kattia
Fformat: Llyfr
Iaith:Sbaeneg
Cyhoeddwyd: [San josé, Costa Rica] : Inie, 2023
Pynciau:
Mynediad Ar-lein:http://repositorio.inie.ucr.ac.cr/handle/123456789/601

MARC

LEADER 00000nam a2200000 4500
008 210602b2023 ||||| |||| 00| | spa d
090 |a 06.03.06  |b 2605 (2023) 
100 |9 4739  |a Pierre Murray, Kattia 
245 1 3 |a Alfabetización mediática e informacional en la educación superior en Costa Rica: El caso de la Universidad de Costa Rica. fase II /   |c Kattia Pierre Murray 
260 |a [San josé, Costa Rica] :  |b Inie,  |c 2023 
300 |a 38 páginas 
500 |a Informe final Proyecto de investigación Nº724-C1-305 
520 |a El estudio está orientado a determinar el nivel de dominio de las competencias de la alfabetización mediática e informacional en estudiantes y docentes de la Universidad de Costa Rica. En términos metodológicos, el estudio adopta un enfoque cualitativo fenomenológico para comprender las experiencias en el entorno educativo. Se emplearon diversas técnicas de investigación cualitativa, incluyendo entrevistas, observación, grupos focales y consultas a expertos. La triangulación de datos, comparando resultados entre poblaciones docentes y estudiantiles, fue clave en el análisis. La población de estudio estuvo conformada por el cuerpo docente de la Universidad de Costa Rica. Entre el 2021 y 2022 se realizaron dos grupos focales. En los grupos focales se conversó sobre el uso de las TIC en el proceso de la enseñanza y aprendizaje. Las personas participantes expresaron sus percepciones sobre las ventajas, desventajas y retos de la incorporación de las TIC a la metodología pedagógica durante la pandemia, ocasionada por el virus SARS-CoV-2, y el impacto de estas al regreso a las clases presenciales. Entre las conclusiones y recomendaciones del estudio se encuentran las siguientes: Los datos recopilados revelan que las personas docentes, al impartir cursos en entornos virtuales mediante herramientas como Zoom y la plataforma de Mediación Virtual, han desarrollado una mayor conciencia sobre sus propias limitaciones y habilidades en la planificación y ejecución de cursos virtuales. Asimismo, las personas docentes descubrieron que el estudiantado no estaba tan preparado para trabajar en entornos virtuales como se había asumido previamente. Este descubrimiento les impulsó a realizar ajustes significativos en las estrategias didácticas empleadas para trabajar con la TIC en ambientes mediados por la telemática. Las personas estudiantes también expresaron sus percepciones sobre la carga académica de los cursos virtuales o bimodales. Destacando que la pesadez no solo se debía a la cantidad de material o tareas asignadas, sino a la extensión del tiempo que debían pasar frente a las pantallas. La intensa utilización de dispositivos resultaba agotadora, especialmente porque, en algunos casos, no contaban con habilidades bien desarrolladas para trabajar con las herramientas virtuales. Los resultados de la investigación confirman que es necesario establecer políticas y acciones institucionales que velen por la incorporación de las tecnologías de información y la comunicación al currículo, de las carreras que se imparten en la Universidad. Desde la perspectiva de la alfabetización informacional y mediática, colocado como eje organizador el desarrollo del pensamiento crítico. Y no únicamente como herramientas para la ejecución de tareas o procedimientos. 
610 0 |9 714  |a UNIVERSIDAD DE COSTA RICA 
650 1 4 |9 8  |a EDUCACIÓN SUPERIOR 
650 1 4 |9 388  |a MEDIOS DE COMUNICACIÓN 
650 1 4 |9 1029  |a COMUNICACIÓN DE MASAS  
650 1 4 |9 3636  |a ALFABETIZACIÓN INFORMACIONAL 
650 1 4 |a COMPETENCIAS DEL DOCENTE  |9 2487 
650 1 4 |a ESTUDIANTES UNIVERSITARIOS   |9 481 
650 1 4 |a EDUCACIÓN SOBRE MEDIOS DE COMUNICACIÓN  |9 4877 
650 1 4 |a ENSEÑANZA MULTIMEDIA  |9 4883 
650 1 4 |a SOCIEDAD DE LA INFORMACIÓN   |9 642 
650 1 4 |a TECNOLOGÍA DE LA INFORMACIÓN   |9 484 
650 1 4 |a TECNOLOGÍA DE LAS COMUNICACIONES  |9 925 
856 |u http://repositorio.inie.ucr.ac.cr/handle/123456789/601 
942 |h 06.03.06 2605  |2 z  |c 04  |6 060306_2605 
999 |c 4066  |d 4066